zpět

Detail výsledku týmu

Kentaur ÚT, Brno

Datum a čas kvízu

20.5 Celkem bodů Celkový počet nahraných bodů na tomto kvízu bez doplňovacích otázek.
5. Pořadí na kvízu Konečné umístění týmu na tomto kvízu.

Zaznamenané odpovědi

# Otázka Odpověď Body Výsledky
1. Praha plánuje přejmenovat námě... Boris Němcov 0
2. Když policejní oddělení v Seve... Sauron 0
3. Jak se jmenuje 32letý muž, jen... Ben Cristovao 1
4. Svět mobilních telefonů minulý... Blackberry 1
5. Letošní 54. Super Bowl, neboli... Kansas City Chiefs, San Francisco 49ers 0
6. Další díl naší cesty kolem svě... Washington, Wisconsin, Wyoming 1
7. Tento americký generál a indiá... George Cluster, Sedící býk (Sitting Bull) 0
8. Fakt, že se ve Spojených státe... 1D 2B 3C 4A 1
9. Která řeka "vyřezala" do kraji... A 1
10. Ze Spojených států pochází nep... Katy Perry 1